000 00934nas a2200289 4500
001 BR2011006941
003 BR-BrBNA
005 20231205120149.0
007 ta
008 230509b bl.|||p| |||| 00| 00por d
040 _aBR-BrBNA
_bpor
_cBiblioteca Nacional de Agricultura
041 _a(Pt)
072 _aU40
100 1 _aLopes, F.
100 1 _aMielniczuk, J.
100 1 _aOliveira, E.S.
100 1 _aTornquist, C.G.
245 1 _aEvolução do uso do solo em uma área piloto da região de Vacaria, RS
650 _aSENSORIAMENTO REMOTO
650 _aSATÉLITE
650 _aFOTOINTERPRETAÇÃO
650 _aCOBERTURA DO SOLO
773 0 _tRevista Brasileira de Engenharia Agrícola e Ambiental (Brazil)
_xISSN 1807-1929
_g(Oct 2010), v.14(10) p. 1038-1044
_wBR2011006941
856 4 0 _uhttp://www.scielo.br/pdf/rbeaa/v14n10/v14n10a03.pdf
909 _a202311
_bLúcia
_c55
_dLúcia Elande
942 _2AGRIS
_n0
_cANA
999 _c217279
_d217279